Las drogas: ¿un problema educativo?
Guardat en:
| Autor principal: | |
|---|---|
| Format: | Llibre |
| Idioma: | espanyol |
| Publicat: |
Madrid
Cincel
1981
|
| Col·lecció: | Diálogos en educación, 6
|
| Matèries: | |
| Etiquetes: |
Afegir etiqueta
Sense etiquetes, Sigues el primer a etiquetar aquest registre!
|
MARC
| LEADER | 00000nam a2200000 a 4500 | ||
|---|---|---|---|
| 001 | UCY8903 | ||
| 003 | CL-VaPUC | ||
| 008 | 950707e19810000SP |||||||||||||||||spa|d | ||
| 082 | 0 | 4 | |a 371.784 |b VEG |2 21 |
| 100 | 0 | |a Vega Fuentes, Amando |e author |9 340704 | |
| 245 | 1 | 4 | |a Las drogas: ¿un problema educativo? |
| 300 | |a 156 p | ||
| 942 | |c BK | ||
| 945 | |d 19950707 00:00:00 |a mfernand | ||
| 260 | |a Madrid |b Cincel |c 1981 | ||
| 650 | 0 | |a Drogas |9 254877 | |
| 650 | 7 | |a TOXICOMANIA |2 CL-VaPUC |9 307600 | |
| 650 | 7 | |a EDUCACION ANTIDROGADICCION |2 CL-VaPUC |9 331652 | |
| 650 | 0 | |a Adicción |9 337026 | |
| 650 | 0 | |a Problemas sociales |9 258537 | |
| 650 | 0 | |a Terapia |9 334442 | |
| 583 | |a last modification |c 19950707 00:00:00 |k Rodrigo Vera | ||
| 490 | 0 | |a Diálogos en educación, 6 | |
| 999 | |c 236083 |d 236081 | ||
| 952 | |0 0 |1 0 |4 0 |6 371_784000000000000_VEG_1981 |7 0 |8 A |9 243919 |a BIBEDU |b BIBEDU |d 2019-11-18 |i 153078K |o 371.784 VEG 1981 |p 153078K |r 2019-11-18 |w 2019-11-18 |y BK |k EDU | ||